00251nam a22000737a 4500008004100000040005500041245006300096260001800159230630b |||||||| |||| 00| 0 eng d aNational Science LibrarycNational Science Library alietuvos tsr mokslu akademijos leidiniu bibliografija 1963 avilniusc1965